[Event "CZE-chT2A 2223"]
[Site "Czech Republic"]
[Date "2023.01.08"]
[Round "6.7"]
[White "Sedlacek, Tomas"]
[Black "Janda, Pavel"]
[Result "1-0"]
[WhiteElo "2024"]
[BlackElo "2092"]
[PlyCount "87"]
[EventDate "2022.10.16"]
[EventType "team-tourn"]
[EventRounds "11"]
[EventCountry "CZE"]
[SourceTitle "EXT 2024"]
[Source "ChessBase"]
[SourceDate "2023.10.10"]
[SourceVersion "1"]
[SourceVersionDate "2023.10.10"]
[SourceQuality "1"]
[WhiteTeam "Praha Dukla"]
[BlackTeam "Tabor"]
[WhiteTeamCountry "CZE"]
[BlackTeamCountry "CZE"]

1. d4 Nf6 2. Nf3 e6 3. Bg5 c5 4. e3 b6 5. Nbd2 Bb7 6. Bd3 Be7 7. c3 d6 8. 0-0 Nbd7 9. Re1 0-0 10. a4 a6 11. Bf1 Ne4 12. Bxe7 Qxe7 13. Nxe4 Bxe4 14. Nd2 f5 15. f3 Bb7 16. e4 fxe4 17. Nxe4 Bxe4 18. Rxe4 d5 19. Re1 c4 20. g3 Rf6 21. Bh3 Nf8 22. f4 Re8 23. Qe2 g6 24. Qe5 Rf7 25. Re2 Qc7 26. Rae1 Qxe5 27. Rxe5 Rfe7 28. R5e2 Kf7 29. Bg2 Kf6 30. Bf3 Nd7 31. Kg2 Nb8 32. g4 Nc6 33. Kg3 h6 34. h4 Rd7 35. g5+ hxg5 36. hxg5+ Kf7 37. Bg4 Nd8 38. f5 gxf5 39. Bh5+ Kf8 40. Bxe8 Kxe8 41. Rxe6+ Nxe6 42. Rxe6+ Re7 43. Rxe7+ Kxe7 44. Kf4 1-0

[Event "CZE-chT2B 2122"]
[Site "Czech Republic"]
[Date "2022.03.20"]
[Round "10.6"]
[White "Papay, Marek"]
[Black "Sedlacek, Tomas"]
[Result "1/2-1/2"]
[WhiteElo "2015"]
[BlackElo "2059"]
[PlyCount "45"]
[EventDate "2021.10.17"]
[EventType "team-tourn"]
[EventRounds "11"]
[EventCountry "CZE"]
[SourceTitle "EXT 2025"]
[Source "ChessBase"]
[SourceDate "2024.10.14"]
[SourceVersion "1"]
[SourceVersionDate "2024.10.14"]
[SourceQuality "1"]
[WhiteTeam "Decin"]
[BlackTeam "Praha Dukla"]
[WhiteTeamCountry "CZE"]
[BlackTeamCountry "CZE"]

1. d4 Nc6 2. c4 e5 3. d5 Nce7 4. Nc3 Ng6 5. e4 Nf6 6. Nf3 Bb4 7. Qc2 Bxc3+ 8. bxc3 d6 9. h3 0-0 10. Be3 b6 11. Bd3 Bd7 12. a4 a5 13. g4 Qe7 14. Kd2 Rab8 15. Rhf1 Rfe8 16. Ne1 h5 17. f3 Nf4 18. Rh1 g6 19. Rh2 h4 20. Ng2 Nxg2 21. Rxg2 Nh7 22. Ke2 g5 23. Kf1 1/2-1/2

[Event "CZE-chT2B 2122"]
[Site "Czech Republic"]
[Date "2022.01.16"]
[Round "6.7"]
[White "Sedlacek, Tomas"]
[Black "Zajicek, Karel"]
[Result "1/2-1/2"]
[WhiteElo "2059"]
[BlackElo "1927"]
[PlyCount "48"]
[EventDate "2021.10.17"]
[EventType "team-tourn"]
[EventRounds "11"]
[EventCountry "CZE"]
[SourceTitle "EXT 2025"]
[Source "ChessBase"]
[SourceDate "2024.10.14"]
[SourceVersion "1"]
[SourceVersionDate "2024.10.14"]
[SourceQuality "1"]
[WhiteTeam "Praha Dukla"]
[BlackTeam "Vysehrad Sokol III"]
[WhiteTeamCountry "CZE"]
[BlackTeamCountry "CZE"]

1. d4 Nf6 2. Bg5 b6 3. Nf3 Bb7 4. Nbd2 d6 5. e3 Nbd7 6. Be2 e5 7. dxe5 dxe5 8. e4 Be7 9. Bxf6 Bxf6 10. c3 0-0 11. Qc2 Qe7 12. 0-0 Nc5 13. b4 Ne6 14. Rfe1 Ng5 15. Bc4 Nxf3+ 16. Nxf3 a5 17. a3 axb4 18. axb4 Rfd8 19. Rxa8 Rxa8 20. Qb3 g6 21. h3 Kg7 22. Bd5 c6 23. Bc4 b5 24. Bf1 Bc8 1/2-1/2

[Event "CZE-chT2B 2122"]
[Site "Czech Republic"]
[Date "2021.12.05"]
[Round "4.6"]
[White "Sedlacek, Tomas"]
[Black "Kudrlicka, Ladislav"]
[Result "1/2-1/2"]
[WhiteElo "2059"]
[BlackElo "1994"]
[PlyCount "81"]
[EventDate "2021.10.17"]
[EventType "team-tourn"]
[EventRounds "11"]
[EventCountry "CZE"]
[SourceTitle "EXT 2025"]
[Source "ChessBase"]
[SourceDate "2024.10.14"]
[SourceVersion "1"]
[SourceVersionDate "2024.10.14"]
[SourceQuality "1"]
[WhiteTeam "Praha Dukla"]
[BlackTeam "Teplice"]
[WhiteTeamCountry "CZE"]
[BlackTeamCountry "CZE"]

1. d4 d5 2. Nf3 Nf6 3. Bf4 c6 4. Nbd2 Bf5 5. e3 e6 6. Be2 Be7 7. Ne5 h6 8. c3 Nbd7 9. h3 0-0 10. 0-0 Qb6 11. Qb3 Nxe5 12. Bxe5 Ne4 13. Nxe4 Bxe4 14. Rfc1 Qxb3 15. axb3 a6 16. c4 Rfe8 17. Bg3 Bf8 18. Ra4 Rad8 19. c5 f6 20. b4 e5 21. Bf1 Bf5 22. Ra3 g5 23. h4 Bg7 24. hxg5 hxg5 25. Bd3 Bxd3 26. Rxd3 exd4 27. exd4 f5 28. f3 Re2 29. b3 Rde8 30. Kf1 Rb2 31. Re1 Rxe1+ 32. Bxe1 Kf7 33. g4 Kg6 34. Bf2 Bf6 35. Bg3 Ra2 36. Be1 Rb2 37. Bf2 Bg7 38. Bg3 Bf6 39. Bf2 Bd8 40. Be1 Kf6 41. Bg3 1/2-1/2

[Event "CZE-chT2B 1920"]
[Site "Czech Republic"]
[Date "2020.06.28"]
[Round "11.7"]
[White "Lacha, Josef"]
[Black "Sedlacek, Tomas"]
[Result "1/2-1/2"]
[WhiteElo "1994"]
[BlackElo "2021"]
[PlyCount "59"]
[EventDate "2019.10.13"]
[EventType "team-tourn"]
[EventRounds "11"]
[EventCountry "CZE"]
[SourceTitle "EXT 2024"]
[Source "ChessBase"]
[SourceDate "2023.10.10"]
[SourceVersion "1"]
[SourceVersionDate "2023.10.10"]
[SourceQuality "1"]
[WhiteTeam "Litomerice"]
[BlackTeam "Praha Dukla"]
[WhiteTeamCountry "CZE"]
[BlackTeamCountry "CZE"]

1. d4 e6 2. Nf3 Nf6 3. Bg5 Be7 4. e3 h6 5. Bh4 b6 6. Be2 c5 7. c4 Bb7 8. 0-0 0-0 9. Nc3 d6 10. Qc2 cxd4 11. exd4 Nbd7 12. Rad1 Rc8 13. Qb1 Bxf3 14. gxf3 Nh7 15. Bxe7 Qxe7 16. Kh1 Ng5 17. Rg1 Nh3 18. Rg2 f5 19. Rf1 Qh4 20. Rg3 Nf6 21. Bd3 Nh5 22. Rg2 Qxd4 23. Nb5 Qf4 24. Qd1 a6 25. Nc3 Qd4 26. Bxf5 Qxd1 27. Bxe6+ Kh8 28. Nxd1 N5f4 29. Bxc8 Rxc8 30. Ne3 1/2-1/2

[Event "CZE-chT2B 1920"]
[Site "Czech Republic"]
[Date "2020.01.26"]
[Round "7.8"]
[White "Sedlacek, Tomas"]
[Black "Fric, Pavel"]
[Result "1/2-1/2"]
[WhiteElo "2021"]
[BlackElo "1997"]
[PlyCount "120"]
[EventDate "2019.10.13"]
[EventType "team-tourn"]
[EventRounds "11"]
[EventCountry "CZE"]
[SourceTitle "EXT 2024"]
[Source "ChessBase"]
[SourceDate "2023.10.10"]
[SourceVersion "1"]
[SourceVersionDate "2023.10.10"]
[SourceQuality "1"]
[WhiteTeam "Praha Dukla"]
[BlackTeam "Karlovy Vary Tietz II"]
[WhiteTeamCountry "CZE"]
[BlackTeamCountry "CZE"]

1. d4 d5 2. Bf4 Nf6 3. e3 e6 4. Nd2 Bd6 5. Bg3 0-0 6. Bd3 Nc6 7. Ngf3 Nb4 8. Be2 c5 9. c3 Nc6 10. Bd3 cxd4 11. exd4 Ne7 12. Bxd6 Qxd6 13. 0-0 Ng6 14. Re1 Bd7 15. a4 a6 16. b4 Rac8 17. Qb3 Rc7 18. Rac1 Rfc8 19. Ne5 Be8 20. Ndf3 Nd7 21. Nxd7 Qxd7 22. b5 axb5 23. axb5 b6 24. g3 f6 25. h4 Bf7 26. Bf1 Qd6 27. Kh2 Re8 28. Ra1 e5 29. Qa3 Qxa3 30. Rxa3 e4 31. Nd2 f5 32. f4 Rec8 33. Nb1 Nf8 34. Ra6 Rb8 35. Be2 Nd7 36. Kg2 Nf6 37. Kf2 Ng4+ 38. Kg2 Ne3+ 39. Kf2 Nc4 40. Bxc4 Rxc4 41. Rc1 Be8 42. Na3 Rc7 43. Ra4 Rbc8 44. c4 dxc4 45. Raxc4 Rxc4 46. Rxc4 Ra8 47. Rc3 Ra4 48. d5 Rd4 49. Rc8 Kf7 50. Rc7+ Kf8 51. Rb7 Rd2+ 52. Ke1 Rxd5 53. Rxb6 Rc5 54. Ra6 Bxb5 55. Ra5 Rc1+ 56. Kd2 Ra1 57. Rxb5 Rxa3 58. Rxf5+ Kg8 59. g4 Rf3 60. h5 g6 1/2-1/2

[Event "CZE-chT1W 1819"]
[Site "Czech Republic"]
[Date "2019.04.07"]
[Round "11.5"]
[White "Sedlacek, Tomas"]
[Black "Michalek, Jan"]
[Result "1/2-1/2"]
[WhiteElo "2006"]
[BlackElo "2248"]
[PlyCount "53"]
[EventDate "2018.10.21"]
[EventType "team-tourn"]
[EventRounds "11"]
[EventCountry "CZE"]
[SourceTitle "CBM 189 Extra"]
[Source "ChessBase"]
[SourceDate "2019.05.31"]
[SourceVersion "1"]
[SourceVersionDate "2019.05.31"]
[SourceQuality "1"]
[WhiteTeam "Praha Dukla"]
[BlackTeam "Kozolupy"]
[WhiteTeamCountry "CZE"]
[BlackTeamCountry "CZE"]

1. d4 Nf6 2. Nf3 d6 3. Nbd2 g6 4. e4 Bg7 5. Bd3 0-0 6. 0-0 Nc6 7. c3 e5 8. dxe5 Nxe5 9. Nxe5 dxe5 10. Qc2 Qe7 11. Re1 Rd8 12. Bf1 Bh6 13. Nc4 Bxc1 14. Raxc1 b6 15. f3 Be6 16. b3 Rd7 17. Rcd1 Rad8 18. Rxd7 Rxd7 19. Ne3 a5 20. Bc4 Bxc4 21. Nxc4 Kg7 22. Kf1 h5 23. Qc1 Nh7 24. Rd1 f6 25. Rxd7 Qxd7 26. Qd2 Qxd2 27. Nxd2 1/2-1/2

[Event "CZE-chT1W 1819"]
[Site "Czech Republic"]
[Date "2019.02.03"]
[Round "7.6"]
[White "Sedlacek, Tomas"]
[Black "Cerveny, Petr"]
[Result "1-0"]
[WhiteElo "2006"]
[BlackElo "2327"]
[PlyCount "177"]
[EventDate "2018.10.21"]
[EventType "team-tourn"]
[EventRounds "11"]
[EventCountry "CZE"]
[SourceTitle "CBM 188 Extra"]
[Source "ChessBase"]
[SourceDate "2019.02.28"]
[SourceVersion "1"]
[SourceVersionDate "2019.02.28"]
[SourceQuality "1"]
[WhiteTeam "Praha Dukla"]
[BlackTeam "Polabiny"]
[WhiteTeamCountry "CZE"]
[BlackTeamCountry "CZE"]

1. d4 Nf6 2. Nf3 g6 3. Bg5 Bg7 4. Nbd2 c5 5. e3 b6 6. c3 0-0 7. Be2 Bb7 8. 0-0 d6 9. Re1 Nbd7 10. Bf1 h6 11. Bxf6 Bxf6 12. e4 Bg7 13. a4 a6 14. Qb3 Rb8 15. Qa3 Qc7 16. b4 e6 17. Rad1 Rfc8 18. Rc1 Ra8 19. a5 bxa5 20. bxa5 d5 21. e5 c4 22. h4 Bc6 23. h5 Nf8 24. g3 Rcb8 25. Ra1 gxh5 26. Nh4 Ng6 27. Ndf3 Rb3 28. Qc1 Rab8 29. Bh3 Nf8 30. Nd2 R3b5 31. f4 Bd7 32. Qd1 Rxa5 33. Qxh5 Rb2 34. Nf1 Rxa1 35. Rxa1 Qb6 36. Qd1 a5 37. Kh1 a4 38. Nd2 Qd8 39. Ng2 Qe7 40. Ne3 f6 41. Qc1 Rb8 42. Bg2 Kh8 43. Nf3 f5 44. Nh4 Qf7 45. Bf3 Be8 46. Bd1 Ra8 47. Qa3 Nh7 48. Bc2 Bf8 49. Qc1 a3 50. g4 Be7 51. Nhxf5 exf5 52. Nxf5 Ra6 53. Ng3 Qg8 54. Qd1 a2 55. Kg2 Ra3 56. Nf5 Bf8 57. Qf3 Bd7 58. Qh3 Bxf5 59. Bxf5 Qg7 60. Qh5 Ra8 61. Kf3 Ra6 62. Qh2 Qb7 63. Qc2 Ra3 64. Rxa2 Rxa2 65. Qxa2 Qb3 66. Qc2 Qxc2 67. Bxc2 Ba3 68. Bxh7 Kxh7 69. Ke2 Bc1 70. f5 Kg7 71. Kd1 Bg5 72. Kc2 Kf7 73. Kb2 Bd2 74. Kc2 Be1 75. Kb2 Ke7 76. Kc2 Kd7 77. Kb2 Kc6 78. Kc2 Kd7 79. Kb2 Ke7 80. Kc2 Kf7 81. Kb2 Kg7 82. Kc2 Kh7 83. Kb2 Bd2 84. Kc2 Bg5 85. Kb2 Kg7 86. Ka3 Bd2 87. Kb4 Kf7 88. Kc5 Bxc3 89. Kxd5 1-0

[Event "CZE-chT2C 1718"]
[Site "Czech Republic"]
[Date "2018.02.25"]
[Round "9.8"]
[White "Pilny, Jiri"]
[Black "Sedlacek, Tomas"]
[Result "1/2-1/2"]
[WhiteElo "1975"]
[BlackElo "2061"]
[PlyCount "31"]
[EventDate "2017.10.15"]
[EventType "team-tourn"]
[EventRounds "11"]
[EventCountry "CZE"]
[SourceTitle "EXT 2022"]
[Source "ChessBase"]
[SourceDate "2021.10.06"]
[SourceVersion "1"]
[SourceVersionDate "2021.10.06"]
[SourceQuality "1"]
[WhiteTeam "Ricany"]
[BlackTeam "Praha Dukla"]
[WhiteTeamCountry "CZE"]
[BlackTeamCountry "CZE"]

1. d4 e6 2. Nf3 f5 3. Bg5 Nf6 4. Nbd2 d5 5. e3 Be7 6. Ne5 Nbd7 7. Ndf3 0-0 8. Bd3 c5 9. c3 Nxe5 10. Nxe5 Nd7 11. Bxe7 Qxe7 12. Nxd7 Bxd7 13. f4 a5 14. Be2 b6 15. h4 Kh8 16. g3 1/2-1/2

[Event "CZE-chT2C 1718"]
[Site "Czech Republic"]
[Date "2018.02.11"]
[Round "8.5"]
[White "Novak, Martin"]
[Black "Sedlacek, Tomas"]
[Result "1/2-1/2"]
[WhiteElo "1948"]
[BlackElo "2061"]
[PlyCount "43"]
[EventDate "2017.10.15"]
[EventType "team-tourn"]
[EventRounds "11"]
[EventCountry "CZE"]
[SourceTitle "EXT 2022"]
[Source "ChessBase"]
[SourceDate "2021.10.06"]
[SourceVersion "1"]
[SourceVersionDate "2021.10.06"]
[SourceQuality "1"]
[WhiteTeam "Ceske Budejovice"]
[BlackTeam "Praha Dukla"]
[WhiteTeamCountry "CZE"]
[BlackTeamCountry "CZE"]

1. e4 e6 2. d4 d5 3. Nc3 Bb4 4. e5 b6 5. a3 Bf8 6. Nf3 Qd7 7. Bd3 Ba6 8. Bxa6 Nxa6 9. Qd3 Nb8 10. Be3 Ne7 11. 0-0-0 Nbc6 12. g4 Na5 13. Nd2 Qc6 14. f4 g6 15. Rdf1 0-0-0 16. Bf2 Nc4 17. Nb3 Kb8 18. Bh4 Rd7 19. Kb1 Nc8 20. f5 b5 21. fxe6 fxe6 22. Rf3 1/2-1/2

[Event "CZE-chT2C 1718"]
[Site "Czech Republic"]
[Date "2018.01.14"]
[Round "6.7"]
[White "Slapak, Zdenek"]
[Black "Sedlacek, Tomas"]
[Result "1/2-1/2"]
[WhiteElo "2112"]
[BlackElo "2061"]
[PlyCount "37"]
[EventDate "2017.10.15"]
[EventType "team-tourn"]
[EventRounds "11"]
[EventCountry "CZE"]
[SourceTitle "EXT 2022"]
[Source "ChessBase"]
[SourceDate "2021.10.06"]
[SourceVersion "1"]
[SourceVersionDate "2021.10.06"]
[SourceQuality "1"]
[WhiteTeam "Pisek"]
[BlackTeam "Praha Dukla"]
[WhiteTeamCountry "CZE"]
[BlackTeamCountry "CZE"]

1. Nf3 Nc6 2. d4 d5 3. g3 Bg4 4. Bg2 e6 5. 0-0 Nf6 6. b3 Be7 7. Bb2 0-0 8. Nbd2 a5 9. a3 a4 10. Re1 Bxf3 11. Bxf3 axb3 12. cxb3 Qd7 13. Qc2 Na7 14. b4 c6 15. Bg2 Rfc8 16. Qd3 Nb5 17. Nf3 b6 18. Ne5 Qb7 19. e3 1/2-1/2

[Event "CZE-chT2C 1718"]
[Site "Czech Republic"]
[Date "2017.11.05"]
[Round "2.8"]
[White "Daniel, Jiri1"]
[Black "Sedlacek, Tomas"]
[Result "1/2-1/2"]
[WhiteElo "1949"]
[BlackElo "2061"]
[PlyCount "56"]
[EventDate "2017.10.15"]
[EventType "team-tourn"]
[EventRounds "11"]
[EventCountry "CZE"]
[SourceTitle "EXT 2022"]
[Source "ChessBase"]
[SourceDate "2021.10.06"]
[SourceVersion "1"]
[SourceVersionDate "2021.10.06"]
[SourceQuality "1"]
[WhiteTeam "Praha Eurovia"]
[BlackTeam "Praha Dukla"]
[WhiteTeamCountry "CZE"]
[BlackTeamCountry "CZE"]

1. e4 e6 2. d4 d5 3. exd5 exd5 4. Bd3 Nc6 5. c3 Bd6 6. Nf3 Nge7 7. 0-0 Bg4 8. Bg5 f6 9. Bh4 Qd7 10. Nbd2 0-0-0 11. Bg3 Ng6 12. Bxd6 Qxd6 13. Qc2 Nce7 14. Rfe1 Nf4 15. Bf1 Kb8 16. a4 Bf5 17. Qb3 g5 18. Qa3 Qxa3 19. Rxa3 Neg6 20. g3 Nd3 21. Bxd3 Bxd3 22. Nf1 Bf5 23. Raa1 h5 24. Ne3 Bc8 25. b4 g4 26. Nd2 h4 27. f4 gxf3 28. Nxf3 Rhg8 1/2-1/2

[Event "CZE-chT2C 1718"]
[Site "Czech Republic"]
[Date "2017.10.15"]
[Round "1.8"]
[White "Sedlacek, Tomas"]
[Black "Pribyl, Viktor"]
[Result "1-0"]
[WhiteElo "2061"]
[BlackElo "1986"]
[PlyCount "75"]
[EventDate "2017.10.15"]
[EventType "team-tourn"]
[EventRounds "11"]
[EventCountry "CZE"]
[SourceTitle "EXT 2022"]
[Source "ChessBase"]
[SourceDate "2021.10.06"]
[SourceVersion "1"]
[SourceVersionDate "2021.10.06"]
[SourceQuality "1"]
[WhiteTeam "Praha Dukla"]
[BlackTeam "Kolin"]
[WhiteTeamCountry "CZE"]
[BlackTeamCountry "CZE"]

1. d4 Nf6 2. Nf3 g6 3. Bg5 Bg7 4. Nbd2 d5 5. e3 0-0 6. b4 c6 7. Be2 a5 8. a3 h6 9. Bh4 Bf5 10. c3 Nbd7 11. 0-0 g5 12. Bg3 Bh7 13. Ne5 Ne4 14. Nxe4 Bxe4 15. Nxd7 Qxd7 16. f3 Bf5 17. Qd2 Rfe8 18. f4 b5 19. fxg5 hxg5 20. Bh5 g4 21. e4 Bg6 22. Qg5 axb4 23. Bxg6 fxg6 24. axb4 dxe4 25. Qxg6 e6 26. Rxa8 Rxa8 27. Be5 Ra3 28. Bxg7 Qxg7 29. Qe8+ Kh7 30. Qh5+ Kg8 31. Qe8+ Kh7 32. Rf7 e3 33. Rxg7+ Kxg7 34. Qe7+ Kh8 35. Qh4+ Kg7 36. Qxg4+ Kh6 37. Qxe6+ Kh5 38. Qxe3 1-0

[Event "Prague Holiday M31"]
[Site "Prague"]
[Date "2017.07.31"]
[Round "3"]
[White "Sedlacek, Tomas"]
[Black "Holy, Filip"]
[Result "1/2-1/2"]
[WhiteElo "2100"]
[BlackElo "2007"]
[PlyCount "50"]
[EventDate "2017.07.30"]
[EventType "tourn"]
[EventRounds "9"]
[EventCountry "CZE"]
[SourceTitle "EXT 2023"]
[Source "ChessBase"]
[SourceDate "2022.10.05"]
[SourceVersion "1"]
[SourceVersionDate "2022.10.05"]
[SourceQuality "1"]

1. d4 d5 2. Nf3 Nf6 3. Bg5 Ne4 4. Bh4 c5 5. e3 Qb6 6. Qc1 Nc6 7. c3 Bf5 8. Nbd2 e6 9. Be2 Bd6 10. Nxe4 Bxe4 11. Bg3 Rd8 12. 0-0 0-0 13. Nd2 Bg6 14. f4 f6 15. Bf3 Bf7 16. Kh1 e5 17. fxe5 fxe5 18. dxc5 Bxc5 19. e4 d4 20. b4 Be7 21. a3 Bg5 22. Rd1 Bb3 23. Rf1 Bf7 24. Rd1 Bb3 25. Rf1 Bf7 1/2-1/2

[Event "Prague Holiday M31"]
[Site "Prague"]
[Date "2017.07.30"]
[Round "1"]
[White "Sedlacek, Tomas"]
[Black "Brejnik, Gustav"]
[Result "1/2-1/2"]
[WhiteElo "2100"]
[BlackElo "2031"]
[PlyCount "84"]
[EventDate "2017.07.30"]
[EventType "tourn"]
[EventRounds "9"]
[EventCountry "CZE"]
[SourceTitle "EXT 2023"]
[Source "ChessBase"]
[SourceDate "2022.10.05"]
[SourceVersion "1"]
[SourceVersionDate "2022.10.05"]
[SourceQuality "1"]

1. d4 Nf6 2. Bg5 Ne4 3. h4 h6 4. Bf4 d5 5. Nd2 Bf5 6. e3 Nxd2 7. Qxd2 c5 8. Nf3 Nc6 9. c3 e6 10. Ne5 a6 11. Be2 Be7 12. h5 Rc8 13. 0-0 0-0 14. g4 Bh7 15. Bg3 Bh4 16. Bh2 Qe7 17. f4 Nxe5 18. dxe5 Rfd8 19. Bd3 Bxd3 20. Qxd3 d4 21. exd4 cxd4 22. c4 b5 23. b3 Qa3 24. Rfd1 bxc4 25. bxc4 Qxd3 26. Rxd3 Rxc4 27. Rad1 Rc2 28. R1d2 Rxd2 29. Rxd2 d3 30. Kg2 Be1 31. Rd1 Bb4 32. Bg1 d2 33. Be3 Rc8 34. Kf3 Rc2 35. a4 Ra2 36. f5 exf5 37. gxf5 Rxa4 38. Bxd2 Bxd2 39. Rxd2 Kf8 40. Rd6 Ke7 41. f6+ gxf6 42. Rxf6 a5 1/2-1/2

[Event "Prague Holiday M31"]
[Site "Prague"]
[Date "2017.07.30"]
[Round "2"]
[White "Yanjinlkham, Bayarsaikhan"]
[Black "Sedlacek, Tomas"]
[Result "1-0"]
[WhiteElo "1988"]
[BlackElo "2100"]
[PlyCount "73"]
[EventDate "2017.07.30"]
[EventType "tourn"]
[EventRounds "9"]
[EventCountry "CZE"]
[SourceTitle "EXT 2023"]
[Source "ChessBase"]
[SourceDate "2022.10.05"]
[SourceVersion "1"]
[SourceVersionDate "2022.10.05"]
[SourceQuality "1"]

1. d4 Nc6 2. Nf3 d5 3. e3 Bg4 4. Be2 e6 5. 0-0 Nf6 6. Nbd2 Be7 7. b3 0-0 8. Bb2 Ne4 9. Nxe4 dxe4 10. Nd2 Bxe2 11. Qxe2 f5 12. f3 exf3 13. Nxf3 Bf6 14. Rad1 Qe8 15. e4 Qh5 16. c4 Rad8 17. e5 Be7 18. d5 Bc5+ 19. Kh1 Ne7 20. d6 Nc6 21. dxc7 Rc8 22. Rd7 Bb6 23. Ba3 Qe8 24. Rfd1 Rf7 25. Rxf7 Qxf7 26. b4 Bxc7 27. b5 Nd8 28. Qe3 b6 29. c5 Qe8 30. c6 Nf7 31. Bd6 Bd8 32. Qb3 Bc7 33. a4 Kh8 34. Nd4 Bxd6 35. exd6 Nxd6 36. Qxe6 Ne4 37. Kg1 1-0

[Event "CZE-chT2A 1617"]
[Site "Czech Republic"]
[Date "2016.11.27"]
[Round "4.7"]
[White "Parizek, Vojtech"]
[Black "Sedlacek, Tomas"]
[Result "1-0"]
[WhiteElo "2144"]
[BlackElo "2090"]
[PlyCount "45"]
[EventDate "2016.10.09"]
[EventType "team-tourn"]
[EventRounds "11"]
[EventCountry "CZE"]
[SourceTitle "EXT 2022"]
[Source "ChessBase"]
[SourceDate "2021.10.06"]
[SourceVersion "1"]
[SourceVersionDate "2021.10.06"]
[SourceQuality "1"]
[WhiteTeam "Praha Kobylisy"]
[BlackTeam "Praha Dukla"]
[WhiteTeamCountry "CZE"]
[BlackTeamCountry "CZE"]

1. e4 e6 2. d4 d5 3. Nc3 Bb4 4. e5 b6 5. a3 Bf8 6. Bb5+ c6 7. Bd3 Ba6 8. f4 Bxd3 9. Qxd3 Ne7 10. Nf3 Nf5 11. g4 Nh4 12. Bd2 h5 13. h3 hxg4 14. hxg4 Nxf3+ 15. Qxf3 Rxh1+ 16. Qxh1 Qd7 17. 0-0-0 c5 18. f5 Na6 19. fxe6 fxe6 20. Bg5 Qf7 21. Nxd5 Qg6 22. Nf4 Qxg5 23. Qc6+ 1-0

[Event "CZE-chT2A 1617"]
[Site "Czech Republic"]
[Date "2016.10.30"]
[Round "2.6"]
[White "Sedlacek, Tomas"]
[Black "Folk, Petr"]
[Result "0-1"]
[WhiteElo "2090"]
[BlackElo "2169"]
[PlyCount "66"]
[EventDate "2016.10.09"]
[EventType "team-tourn"]
[EventRounds "11"]
[EventCountry "CZE"]
[SourceTitle "EXT 2022"]
[Source "ChessBase"]
[SourceDate "2021.10.06"]
[SourceVersion "1"]
[SourceVersionDate "2021.10.06"]
[SourceQuality "1"]
[WhiteTeam "Praha Dukla"]
[BlackTeam "Kozolupy"]
[WhiteTeamCountry "CZE"]
[BlackTeamCountry "CZE"]

1. d4 Nf6 2. Bf4 g6 3. e3 Bg7 4. Nf3 d6 5. h3 0-0 6. Be2 b6 7. Nbd2 Bb7 8. 0-0 c5 9. c3 Nbd7 10. Bh2 Rc8 11. Qb1 Re8 12. Rc1 Qc7 13. b4 cxb4 14. cxb4 Qb8 15. Qb2 a6 16. a3 b5 17. Nb3 Bd5 18. Nfd2 Nb6 19. Rxc8 Rxc8 20. Rc1 Na4 21. Qa1 Rc7 22. Bf1 Qc8 23. Rxc7 Qxc7 24. Nc5 Qc6 25. Nxa4 bxa4 26. Qb2 Nd7 27. b5 axb5 28. Qxb5 Bxg2 29. f3 Bxf3 30. Nxf3 Qxf3 31. Qxd7 Qxe3+ 32. Kg2 Qe4+ 33. Kg3 Bxd4 0-1

[Event "CZE-chT2A 1516"]
[Site "Czech Republic"]
[Date "2016.02.21"]
[Round "8.6"]
[White "Eretova, Jana"]
[Black "Sedlacek, Tomas"]
[Result "1/2-1/2"]
[WhiteElo "2099"]
[BlackElo "2105"]
[PlyCount "67"]
[EventDate "2015.10.18"]
[EventType "team-tourn"]
[EventRounds "11"]
[EventCountry "CZE"]
[SourceTitle "EXT 2022"]
[Source "ChessBase"]
[SourceDate "2021.10.06"]
[SourceVersion "1"]
[SourceVersionDate "2021.10.06"]
[SourceQuality "1"]
[WhiteTeam "Klatovy"]
[BlackTeam "Praha Dukla"]
[WhiteTeamCountry "CZE"]
[BlackTeamCountry "CZE"]

1. e4 e6 2. d4 d5 3. e5 b6 4. Nf3 Qd7 5. Be2 Ne7 6. 0-0 Ba6 7. Be3 Bxe2 8. Qxe2 Nf5 9. g4 Ne7 10. c3 h5 11. g5 Nbc6 12. Nbd2 Nf5 13. Bf4 Nce7 14. h3 Ng6 15. Bh2 c5 16. Rfd1 cxd4 17. Nxd4 Nxd4 18. cxd4 Be7 19. f4 Nh4 20. Bg3 Nf5 21. Bf2 g6 22. a4 0-0 23. Qb5 Qb7 24. Rdc1 Rab8 25. Qc6 Qa6 26. Qb5 Qb7 27. Qc6 Qxc6 28. Rxc6 Bb4 29. Nb3 a5 30. Kf1 Rfc8 31. Rac1 Rxc6 32. Rxc6 Kf8 33. Ke2 Ne7 34. Rc2 1/2-1/2

[Event "CZE-chT2A 1516"]
[Site "Czech Republic"]
[Date "2016.01.24"]
[Round "6.5"]
[White "Sedlacek, Tomas"]
[Black "Turner, Radek"]
[Result "0-1"]
[WhiteElo "2105"]
[BlackElo "2077"]
[PlyCount "98"]
[EventDate "2015.10.18"]
[EventType "team-tourn"]
[EventRounds "11"]
[EventCountry "CZE"]
[SourceTitle "EXT 2022"]
[Source "ChessBase"]
[SourceDate "2021.10.06"]
[SourceVersion "1"]
[SourceVersionDate "2021.10.06"]
[SourceQuality "1"]
[WhiteTeam "Praha Dukla"]
[BlackTeam "Line"]
[WhiteTeamCountry "CZE"]
[BlackTeamCountry "CZE"]

1. d4 Nf6 2. Bg5 e6 3. Nf3 h6 4. Bh4 b6 5. Nbd2 Bb7 6. e3 Be7 7. Bd3 d6 8. c3 Nbd7 9. 0-0 g5 10. Bg3 Nh5 11. Ne1 Ndf6 12. Qa4+ Qd7 13. Qxd7+ Nxd7 14. Be2 Ndf6 15. Bf3 c6 16. Be2 Nxg3 17. hxg3 Kd7 18. e4 Raf8 19. e5 Ne8 20. exd6 Nxd6 21. Nd3 h5 22. Ne5+ Kc7 23. Rfe1 Rh6 24. Ndc4 Nxc4 25. Nxc4 h4 26. gxh4 Rxh4 27. Ne3 Rfh8 28. f3 Bd6 29. Kf2 Bf4 30. Nf1 R4h6 31. Bd3 f5 32. Re2 g4 33. fxg4 fxg4 34. g3 Bd6 35. Ke1 c5 36. dxc5 Bxc5 37. Kd2 Bf3 38. Re5 Rd8 39. Rxc5+ bxc5 40. Ke3 e5 41. Bc4 Rh1 42. Re1 e4 43. b4 cxb4 44. cxb4 Kb8 45. a4 Rc8 46. Bb5 Rf8 47. Kf2 Rc8 48. Nd2 Rxe1 49. Kxe1 e3 0-1

[Event "CZE-chT2A 1516"]
[Site "Czech Republic"]
[Date "2016.01.10"]
[Round "5.6"]
[White "Sedlacek, Tomas"]
[Black "Fryc, Miroslav"]
[Result "1/2-1/2"]
[WhiteElo "2105"]
[BlackElo "2150"]
[PlyCount "27"]
[EventDate "2015.10.18"]
[EventType "team-tourn"]
[EventRounds "11"]
[EventCountry "CZE"]
[SourceTitle "EXT 2022"]
[Source "ChessBase"]
[SourceDate "2021.10.06"]
[SourceVersion "1"]
[SourceVersionDate "2021.10.06"]
[SourceQuality "1"]
[WhiteTeam "Praha Dukla"]
[BlackTeam "Karlovy Vary Tietz"]
[WhiteTeamCountry "CZE"]
[BlackTeamCountry "CZE"]

1. d4 Nf6 2. Nf3 g6 3. Bg5 Bg7 4. Nbd2 d5 5. e3 0-0 6. b4 h6 7. Bh4 Bf5 8. Be2 Nbd7 9. 0-0 Re8 10. c3 e5 11. dxe5 Nxe5 12. Nxe5 Rxe5 13. Nf3 Re8 14. Nd4 1/2-1/2